| 000 | 01033cad a22002535a 4500 | ||
|---|---|---|---|
| 001 | E151692 | ||
| 008 | 101130s2010 xxk f 100 0 eng d | ||
| 020 | _a9781842196199 | ||
| 035 | _a(Sirsi) u151692 | ||
| 041 | 0 | _aeng | |
| 100 | 1 | _aKamaruzzaman, S. N. | |
| 111 | 2 |
_aConstruction and Building Research Conference _cDauphine Universite, Paris _d2-3 September 2010 |
|
| 245 | 0 | 0 |
_aAssessment on problems of issuances and transferences of strata title in Malaysia _bthe perception of the owner _h[electronic resource] |
| 260 |
_aLondon _bRICS _c2010 |
||
| 520 | _aA paper presented at the COBRA Conference in Paris on 2-3 September 2010. | ||
| 590 | _aKA | ||
| 650 | 2 | 4 | _aCONSTRUCTION AND BUILDING RESEARCH CONFERENCE (COBRA) |
| 651 | 4 |
_aMalaysia _y1965- |
|
| 690 | _aPROPERTY-ACQUISITION AND DISPOSAL OF PROPERTY | ||
| 700 | 1 | _aSalleh, Naziah Muhamad | |
| 700 | 1 | _aAlZawawi, S. A. F. | |
| 856 | 4 | 0 |
_uhttps://www.rics.org/site/scripts/download_info.aspx?fileID=8056&categoryID=720 _zBroken link - not available |
| 942 | _n0 | ||
| 999 |
_c111545 _d111545 |
||